00527nam a2200157Ia 4500008004100000082003800041100003200079245004400111250000600155260004800161300000800209600003200217630004400249700003200293730004400325090123s9999 xx 000 0 und d b32837a891.463/आिंगळे aआिंगळे व.न. aदरिद्रीनारायण a0 bसाकेत प्रकाशनc2001 a360 aआिंगळे व.न. aदरिद्रीनारायण aआिंगळे व.न. aदरिद्रीनारायण